| 000 | 00546nac a22002171ca4500 | ||
|---|---|---|---|
| 001 | a987690781 | ||
| 008 | 180820s2018 gw |||| 000u ger d | ||
| 020 |
_a9783525301920 _9978-3-525-30192-0 |
||
| 041 | _ager | ||
| 100 | 1 | _aDietrich, Gerd | |
| 245 | 0 | 0 |
_aKulturgeschichte der DDR / _cGerd Dietrich |
| 250 | _a1. Auflage | ||
| 264 |
_aGöttingen : _bVandenhoeck & Ruprecht, _c2018 |
||
| 300 | _a3 Bände | ||
| 650 | 0 | _aKultur | |
| 651 | 0 | _aDeutschland (DDR) | |
| 942 | _cMG | ||
| 040 | _cRU-10907106 | ||
| 003 | RU-10907106 | ||
| 999 |
_c1281 _d1281 |
||